JRO-Strassenkarte Deutschland ohne deutsche Ostgebiete : Road map of Germany = Carte routière de l'Allemagne /
| Corporate Author: | |
|---|---|
| Other Authors: | |
| Format: | Map |
| Language: | German English French |
| Published: |
München :
JRO-Verlag,
/75 [i.e. 1974]
|
| Subjects: |
MARC
| Tag | First Indicator | Second Indicator | Subfields |
|---|---|---|---|
| LEADER | 00000cem a2200000Ia 4500 | ||
| 001 | in00002544530 | ||
| 005 | 20151201111311.0 | ||
| 007 | aj canzn | ||
| 008 | 100127s1974 gw bg a 0 ger d | ||
| 034 | 1 | |a a |b 750000 |d E0060000 |e E0150000 |f N0543000 |g N0473000 | |
| 035 | |a (OCoLC)ocn502158027 | ||
| 035 | |a (OCoLC)502158027 | ||
| 040 | |a TXA |c TEF |d UtOrBLW | ||
| 041 | 0 | |a ger |a eng |a fre | |
| 043 | |a e-gx--- | ||
| 049 | |a TXAM | ||
| 050 | 4 | |a G6081.P2 1974 |b .J7 | |
| 052 | |a 6081 | ||
| 110 | 2 | |a JRO-Verlag. | |
| 245 | 1 | 0 | |a JRO-Strassenkarte Deutschland ohne deutsche Ostgebiete : |b Road map of Germany = Carte routière de l'Allemagne / |c Gesamtbearbeitung in der kartographischen Anstalt des Verlages ; Leitung, Ernst Kremling. |
| 246 | 3 | 0 | |a JRO-Strassenkarte Deutschland |
| 246 | 3 | 0 | |a Strassenkarte Deutschland |
| 246 | 3 | 1 | |a Road map of Germany |
| 246 | 3 | 1 | |a Carte routière de l'Allemagne |
| 255 | |a Scale 1:750,000. |c (E 6°00ʹ--E 15°00ʹ/N 54°30ʹ--N 47°30ʹ). | ||
| 264 | 1 | |a München : |b JRO-Verlag, |c /75 [i.e. 1974] | |
| 264 | 4 | |c ©1974 | |
| 300 | |a 1 map : |b color ; |c 115 x 86 cm. | ||
| 336 | |a cartographic image |b cri |2 rdacontent | ||
| 337 | |a unmediated |b n |2 rdamedia | ||
| 338 | |a sheet |b nb |2 rdacarrier | ||
| 500 | |a Relief shown by shading and spot heights. | ||
| 500 | |a "1771." | ||
| 500 | |a Cartographic material. | ||
| 650 | 0 | |a Roads |z Germany |v Maps. | |
| 651 | 0 | |a Germany |v Maps. | |
| 700 | 1 | |a Kremling, Ernst. | |
| 945 | |a contractmaps | ||
| 946 | |a maps | ||
| 947 | |a A14838054470 | ||
| 948 | |a Cataloged |b h |c 2010/3/4 |d c |e smckenzi | ||
| 994 | |a C0 |b TXA | ||
| 999 | |a MARS | ||
| 999 | f | f | |s 84a076ab-f06e-34e9-b454-31b08b3c0aee |i a3dce18d-64ef-34e7-97fe-b90cf9a67de3 |t 0 |
| 952 | f | f | |p normal |a Texas A&M University |b College Station |c Sterling C. Evans Library |d Evans: Maps (2nd floor) |t 0 |e G6081.P2 1974 .J7 |h Library of Congress classification |i unmediated -- sheet |m A14838054470 |
| 998 | f | f | |a G6081.P2 1974 .J7 |t 0 |l Evans: Maps (2nd floor) |